Practical guide to your physical &Emotional health based on ayurvedic and yogic wisdom (Record no. 396213)

MARC details
000 -LEADER
fixed length control field 00559 a2200193 4500
005 - DATE & TIME
control field 20260209163203.0
008 - FIXED-LENGTH DATA ELEMENTS--GENERAL INFORMATION
fixed length control field 260209b |||||||| |||| 00| 0 eng d
020 ## - ISBN
International Standard Book Number 9789369672585
Price Rs. 4995.00
040 ## - CATALOGING SOURCE
Original cataloging agency VIVEKANANDA LIBRARY
082 ## - DDC NUMBER
Classification number 613.7046
Book Number P886P
100 ## - MAIN ENTRY--PERSONAL NAME
Personal name Prasad, Suresh
245 ## - TITLE STATEMENT
Title Practical guide to your physical &Emotional health based on ayurvedic and yogic wisdom
260 ## - PUBLICATION, DISTRIBUTION, ETC. (IMPRINT)
Name of publisher, distributor, etc Scientific Books International
Date of publication, distribution, etc 2026
Place of publication, distribution, etc New Delhi
300 ## - PHYSICAL DESCRIPTION
Pages 294
650 ## - Subject
Subject Yoga
650 ## - Subject
Subject Personal Health
650 ## - Subject
Subject Physical Health
942 ## - ADDED ENTRY ELEMENTS (KOHA)
Koha item type Books
Holdings
Withdrawn status Lost status Source of classification or shelving scheme Damaged status Not for loan Location (home branch) Sublocation or collection (holding branch) Shelving location Date acquired Koha issues (times borrowed) Koha full call number Accession No. Koha date last seen Koha item type
    Dewey Decimal Classification     VIVEKANANDA LIBRARY VIVEKANANDA LIBRARY Vivekananda Library 22/01/2026   613.7046 P886P 444373 22/01/2026 Books
© Designed and Maintained by Vivekananda Library, MDU Rohtak